Riešenie prístupu k elektronickým zdravotným záznamom bez územných obmedzení diplomová práca

Salvato in:
Dettagli Bibliografici
Autore principale: Daniš, Dušan
Ente Autore: Fakulta hospodárskej informatiky EU. Katedra aplikovanej informatiky
Altri autori: Kniežová, Jaroslava
Natura: Libro
Lingua:slovacco
Pubblicazione: Bratislava 2011
Tags: Aggiungi Tag
Nessun Tag, puoi essere il primo ad aggiungerne!!

MARC

LEADER 00000nbm a2200000 4500
001 0140723
005 20161109101945.6
041 0 |a slo 
044 |a SK 
245 1 0 |a Riešenie prístupu k elektronickým zdravotným záznamom bez územných obmedzení  |b diplomová práca  |c Dušan Daniš ; školiteľ: Jaroslava Kniežová 
264 1 |a Bratislava  |c 2011 
300 |a 66 s. 
100 1 |a Daniš, Dušan 
700 1 |a Kniežová, Jaroslava 
710 2 |a Fakulta hospodárskej informatiky EU. Katedra aplikovanej informatiky